| 000 | 00827nam a2200229 a 4500 | ||
|---|---|---|---|
| 001 | 000026555 | ||
| 005 | 20200930030302.0 | ||
| 008 | 110323s1998 py r 000 0 spa d | ||
| 040 |
_aDO-SdBNP _bspa _cBNPHU |
||
| 082 |
_axxx _bT787 |
||
| 245 | 0 | 1 |
_aTreinta y dos narradores del sur / _cprólogo de Poli Délano ; antólogos, Horacio Salas ... [et al.]. |
| 260 |
_aAsunción, (Paraguay) : _bDon Bosco ; _bGrupo Velox, _c1998. |
||
| 300 |
_a406 p. ; _c20 cm. |
||
| 500 | _aIncluye datos del autor en la solapa de la contracubierta | ||
| 500 | _aNotas: "Noticia biobibliográfica" (p. 391-403). | ||
| 700 | 1 |
_aDélano, Poli, _epról. _944607 |
|
| 700 | 1 |
_aRomano de Sant´Anna, Alfono _953657 |
|
| 700 | 1 |
_aFogel, Gerardo _953658 |
|
| 700 | 1 |
_aBenavides, Washington _953659 |
|
| 740 | 0 | _a32 narradores del sur | |
| 049 | _aBNGR | ||
| 999 |
_c26047 _d26047 |
||